Tiếng việt thực hành

保存先:
書誌詳細
第一著者: Bùi Minh Toán
フォーマット: 図書
言語:Vietnamese
出版事項: GD 2009
主題:
タグ: タグ追加
タグなし, このレコードへの初めてのタグを付けませんか!
Thư viện lưu trữ: Mạng thư viện Đại học Đà Nẵng
LEADER 01060cam a22003131a 4500
001 000033732
003 9922
005 20151021000000.0
008 151021s2009 vm 000 vie
041 |a vie 
082 |a 495.92  |b BU-T 
100 |a Bùi Minh Toán 
245 |a Tiếng việt thực hành  |c Bùi Minh Toán 
260 |a GD  |c 2009 
300 |a 274tr. : mh ; 20cm 
650 |a Bùi Minh Toán, Lê A; Đỗ Việt Hùng, Tiếng việt thực hành, Tiếng việt, thực hành 
852 |b Chuyên đề  |c Ngôn ngữ tiếng Việt 1 
OWN |a LNN 
AVA |a UDN50  |b LNN  |d 495.92 BU-T  |e available  |t Error 5001 Not defined in file expand_doc_bib_avail.  |f 2  |g 0  |h N  |i 0  |k 1 
999 |a From the UDN01 
AVA |a UDN50  |b LNN  |d 495.92 BU-T  |e available  |t Error 5001 Not defined in file expand_doc_bib_avail.  |f 2  |g 0  |h N  |i 0  |k 1 
TYP |a Monograph 
980 |a Mạng thư viện Đại học Đà Nẵng